Human rights and international protection for vulnerable asylum applicants : challenges and perspectives

Αποθηκεύτηκε σε:
Λεπτομέρειες βιβλιογραφικής εγγραφής
Άλλοι συγγραφείς: Μπαντή-Μαρκούτη, Βικτώρια (edtf), Σούνογλου, Μαρίνα (edtf)
Μορφή: Βιβλίο
Γλώσσα:English
Δημοσίευση: Αθήνα : Νομική Βιβλιοθήκη, c2021.
Θέματα:
Ετικέτες: Προσθήκη ετικέτας
Δεν υπάρχουν, Καταχωρήστε ετικέτα πρώτοι!

MARC

LEADER 00000cam a2200000 a 4500
001 1/123858
008 211103s2021####gr ||| |||| ||eng||
020 |a 9789606542824 
040 |a GR-MyUa  |b gre  |c GR-MyUa  |e AACR2 
041 0 |a eng 
082 7 |a 323.6  |2 (23) 
245 0 0 |a Human rights and international protection for vulnerable asylum applicants :   |b challenges and perspectives /   |c edited by Victoria Banti-Markouti and Marina Sounoglou.  
260 |a Αθήνα :   |b Νομική Βιβλιοθήκη,   |c c2021.  
300 |a 173 σ. ;   |c 24 εκ.  
504 |a Περιλαμβάνει βιβλιογραφικές παραπομπές και ευρετήριο.  
650 0 |a Asylum, Right of  |z European Union countries. 
650 0 |a Refugees  |x Legal, status, laws, etc.  |z European Union countries. 
650 0 |a Human rights  |z European Union countries. 
700 1 |a Μπαντή-Μαρκούτη, Βικτώρια,  |e edtf 
700 1 |a Σούνογλου, Μαρίνα,  |e edtf 
852 |a INST  |b LESVOS  |e 20211103  |h 323.6 HUM  |p 005100063840  |q 005100063840  |t BK  |y 0 
970 |a Καμάτσου  |b Δέσποινα  |z 03-11-2021